| 000 | 00767cab a2200265 4500 | ||
|---|---|---|---|
| 001 | ABS57055 | ||
| 008 | 090401t1997 xxu||||| |||| 00| 0 eng d | ||
| 035 | _a(Sirsi) u98436 | ||
| 041 | _aeng | ||
| 100 | _aShapiro, Eric F. | ||
| 245 | _aDilapidation claims: the VAT options | ||
| 260 | _c1997 | ||
| 350 | _a0 | ||
| 490 |
_aCSM (Chartered Surveyor Monthly) _v6(8) May 1997, 42-43(2) |
||
| 520 | _aAdvises that the VAT status of landlords should be established in order to assess the effects on clients in dilapidation claims. | ||
| 650 |
_aDilapidations _96235 |
||
| 650 | _aEXEMPTION | ||
| 650 | _aLANDLORDS | ||
| 650 | _aREGISTERED | ||
| 650 | _aVALUE ADDED TAX | ||
| 690 | _aTAXATION | ||
| 700 | _aMajor, I. | ||
| 942 | _n0 | ||
| 948 | _c03/06/1997 | ||
| 999 |
_c59829 _d59829 |
||